000 00533cam a2200169 a 4500
020 _a1884446000 (set : alk. paper)
050 0 0 _aPE N31
_b.D5 1996
100 _aTurner, Jane
245 0 4 _aThe dictionary of art /
_ceditor, Jane Turner.
260 _aNew York :
_bGrove,
_c1996.
300 _a34 v. :
650 0 _xEncyclopedias.
700 1 _aTurner, Jane,
856 4 2 _uhttp://www.loc.gov/catdir/enhancements/fy0639/96013628-d.html
856 4 2 _uhttp://www.loc.gov/catdir/enhancements/fy0725/96013628-b.html
942 _2lcc
_cGEN
999 _c12212
_d12212